Haircutting for everyone / (Record no. 134479)

MARC details
000 -LEADER
fixed length control field 00600nam a22002177a 4500
005 - DATE AND TIME OF LATEST TRANSACTION
control field 20170124110226.0
010 ## - LIBRARY OF CONGRESS CONTROL NUMBER
LC control number 940901
020 ## - INTERNATIONAL STANDARD BOOK NUMBER
Terms of availability 00.00
International Standard Book Number 0213166542
035 ## - SYSTEM CONTROL NUMBER
System control number 940901
037 ## - SOURCE OF ACQUISITION
Source of stock number/acquisition Cen Lib/Ret
040 ## - CATALOGING SOURCE
Original cataloging agency DPL
Language of cataloging EN
082 ## - DEWEY DECIMAL CLASSIFICATION NUMBER
Classification number 646.74
Item number LEI
100 ## - MAIN ENTRY--PERSONAL NAME
Personal name Leighton, Harold
9 (RLIN) 40836
245 ## - TITLE STATEMENT
Title Haircutting for everyone /
Statement of responsibility, etc by Harold Leighton
260 ## - PUBLICATION, DISTRIBUTION, ETC. (IMPRINT)
Name of publisher, distributor, etc Arthur Barker
Place of publication, distribution, etc London
Date of publication, distribution, etc 1977
270 ## - ADDRESS
City London
Address 11 St John's Hill
300 ## - PHYSICAL DESCRIPTION
Extent 95p. :
Dimensions 23cm(Hb)
Other physical details ill.
650 ## - SUBJECT ADDED ENTRY--TOPICAL TERM
Topical term or geographic name as entry element Haircutting
9 (RLIN) 40837
650 ## - SUBJECT ADDED ENTRY--TOPICAL TERM
Topical term or geographic name as entry element Hairstyle
9 (RLIN) 40838
942 ## - ADDED ENTRY ELEMENTS (KOHA)
Source of classification or shelving scheme Dewey Decimal Classification
Koha item type English Books
Classification part 646.74
Call number suffix LEI
Holdings
Withdrawn status Lost status Damaged status Not for loan Collection code Home library Current library Date acquired Source of acquisition Cost, normal purchase price Total Checkouts Full call number Barcode Date last seen Copy number Cost, replacement price Price effective from Koha item type
      Not For Loan Reference Central Library Central Library 30/07/2015 Cen Lib/Ret 0.00   646.74 LEI 940901 30/07/2015 1 0.00 30/07/2015 English Books

© Delhi Public Library
Hit Counter
free hit counter